000 00495nam a22001937a 4500
003 MPLRDC
005 20220104185926.0
008 210129b ||||| |||| 00| 0 eng d
020 _a986-241-000-4
082 _a177.2 CBYZ
100 _a川北义则
245 _a男性的品格
_c陈文媛 译
250 _a一版一刷
260 _a台湾
_b天下杂志股份有限公司
_c2009
300 _b
490 _a生活美学. 005
650 _a生活指导
942 _cBK
_o177.2 CBYZ
999 _c63548
_d63538